000 00301cam a2200133ua 4500
041 _amal
_h
082 _a894.812308
_bCHA/SA
100 _aChanthu, Menon .
245 _aSarada Part-2 /
_cChanthu Menon.
_hTextual Documents
300 _a238 ; .
504 _a
942 _cBK
999 _c6609
_d6609